[Event "SVK-ch Seniors 50"]
[Site "Tatranske Matliare"]
[Date "2017.05.28"]
[Round "3"]
[White "Paur, Dusan"]
[Black "Body, Stefan"]
[Result "1-0"]
[WhiteElo "1885"]
[BlackElo "1796"]
[PlyCount "143"]
[EventDate "2017.05.27"]
[EventType "swiss"]
[EventRounds "9"]
[EventCountry "SVK"]
[SourceTitle "EXT 2023"]
[Source "ChessBase"]
[SourceDate "2022.10.05"]
[SourceVersion "1"]
[SourceVersionDate "2022.10.05"]
[SourceQuality "1"]

1. e4 c6 2. d4 d5 3. exd5 cxd5 4. Bd3 Nf6 5. h3 Nc6 6. c3 g6 7. Nf3 Bf5 8. Bxf5 gxf5 9. Bf4 e6 10. Nbd2 Rg8 11. Qb3 Qd7 12. Ne5 Nxe5 13. Bxe5 Nh5 14. g4 f6 15. Bh2 fxg4 16. hxg4 Rxg4 17. 0-0-0 Rc8 18. Kb1 Ng7 19. f3 Rg2 20. Bf4 Nf5 21. Rh3 Rg7 22. Rdh1 Rc6 23. Qa4 a6 24. Qd1 b5 25. Nb3 b4 26. Qd3 bxc3 27. bxc3 Rc4 28. Bh6 Nxh6 29. Rxh6 Rg2 30. R6h2 Rxh2 31. Rxh2 f5 32. Re2 Kd8 33. Qe3 Rc6 34. Kb2 Rb6 35. Rg2 Qf7 36. Qg5+ Ke8 37. Kc2 Rc6 38. Kd3 Be7 39. Qf4 Bd6 40. Qh6 Rc7 41. Re2 Re7 42. Rg2 f4 43. Rg5 Rc7 44. Qh3 Bf8 45. Qg4 h6 46. Rg6 Qf5+ 47. Qxf5 exf5 48. Nc5 Kf7 49. Rxa6 Re7 50. Kd2 h5 51. Nd3 Re3 52. Nxf4 Rxf3 53. Nxh5 Be7 54. a4 Bg5+ 55. Kc2 Rh3 56. Ra7+ Kg6 57. Ng7 Rh7 58. a5 Bd8 59. Ra8 Bxa5 60. Rxa5 Rxg7 61. Rxd5 Kg5 62. Re5 Kg4 63. Kd3 f4 64. Re1 Rh7 65. c4 Rh3+ 66. Ke4 f3 67. c5 f2 68. Rf1 Kg3 69. d5 Kg2 70. Rxf2+ Kxf2 71. c6 Re3+ 72. Kd4 1-0

[Event "Tatry op"]
[Site "Tatranske Zruby"]
[Date "2014.10.05"]
[Round "9"]
[White "Mrva, Vladimir"]
[Black "Paur, Dusan"]
[Result "1-0"]
[WhiteElo "2138"]
[BlackElo "1982"]
[PlyCount "141"]
[EventDate "2014.09.28"]
[EventType "swiss"]
[EventRounds "9"]
[EventCountry "SVK"]
[SourceTitle "CBM 162 Extra"]
[Source "ChessBase"]
[SourceDate "2014.10.17"]
[SourceVersion "1"]
[SourceVersionDate "2014.10.17"]
[SourceQuality "1"]

1. e4 c5 2. Nf3 d6 3. Bb5+ Bd7 4. Bxd7+ Qxd7 5. c4 g6 6. d4 Bg7 7. Nc3 cxd4 8. Nxd4 Nc6 9. Be3 Nf6 10. f3 0-0 11. 0-0 a6 12. a4 Qc7 13. b3 Rac8 14. Nde2 Rfd8 15. Rc1 e6 16. Qd2 Na5 17. Qa2 Nc6 18. Rfd1 Qa5 19. Qd2 Qb4 20. Rb1 Ne8 21. Na2 Qxd2 22. Rxd2 Rd7 23. Rbd1 Re7 24. Bg5 f6 25. Bf4 e5 26. Be3 f5 27. Nac3 Na5 28. Nd5 Re6 29. Rd3 Bf8 30. Bb6 Nc6 31. Ng3 f4 32. Ne2 g5 33. Nec3 h5 34. h3 Rg6 35. Kf2 Kf7 36. Rh1 Ne7 37. Nxe7 Bxe7 38. Ke2 Nc7 39. Bxc7 Rxc7 40. Nd5 Rc6 41. Rc3 Rg8 42. Kd3 Bd8 43. b4 Ke6 44. Rb3 Kd7 45. b5 axb5 46. axb5 Rc8 47. Ra3 Rg7 48. Ra7 Rb8 49. Kc3 Rf7 50. Kb4 Ke6 51. Rc1 Rc8 52. Rca1 Rd7 53. Ra8 Rxa8 54. Rxa8 Kf7 55. b6 Kg6 56. Kb5 g4 57. hxg4 hxg4 58. fxg4 Kg5 59. Ra3 Kxg4 60. Rh3 Rf7 61. Rh8 Bg5 62. Rg8 f3 63. gxf3+ Rxf3 64. Rg7 Rb3+ 65. Ka4 Rb1 66. Rxb7 Kf3 67. Rf7+ Bf4 68. b7 Ra1+ 69. Kb5 Rb1+ 70. Kc6 Rb2 71. Nb6 1-0

[Event "Zilina Region-ch"]
[Site "Zilina"]
[Date "2013.05.19"]
[Round "5"]
[White "Brodek, Jaroslav"]
[Black "Paur, Dusan"]
[Result "0-1"]
[WhiteElo "1706"]
[BlackElo "2000"]
[PlyCount "100"]
[EventDate "2013.05.17"]
[EventType "swiss"]
[EventRounds "6"]
[EventCountry "SVK"]
[SourceTitle "CBM 154 Extra"]
[Source "ChessBase"]
[SourceDate "2013.06.25"]
[SourceVersion "2"]
[SourceVersionDate "2013.06.25"]
[SourceQuality "1"]

1. e4 c5 2. Nf3 Nc6 3. d4 cxd4 4. Nxd4 Nf6 5. Nc3 e5 6. Nxc6 bxc6 7. Bc4 Be7 8. 0-0 0-0 9. Bg5 Rb8 10. Rb1 d6 11. Qd3 Ne8 12. Bxe7 Qxe7 13. Rfd1 Be6 14. Bb3 Kh8 15. Rd2 f5 16. Bxe6 Qxe6 17. Qa6 fxe4 18. Nxe4 d5 19. Nc5 Qd6 20. Qxa7 Nf6 21. Na6 Ra8 22. Qb7 c5 23. Nc7 Rfb8 24. Nb5 Qe6 25. Nc7 Qd7 26. Qxa8 Rxa8 27. Nxa8 Qb7 28. b4 Ne4 29. Rd3 Qxa8 30. bxc5 h6 31. Ra1 Nxc5 32. Re3 e4 33. a4 Qa5 34. g3 d4 35. Rea3 d3 36. cxd3 exd3 37. Rd1 Qb4 38. Ra2 Nxa4 39. Rxa4 Qxa4 40. Rxd3 Kh7 41. Re3 g5 42. Re7+ Kg6 43. Re6+ Kg7 44. Re7+ Kf6 45. Re3 h5 46. h3 Qc6 47. Re1 Kf5 48. Re3 h4 49. g4+ Kf4 50. Ra3 Qc1+ 0-1

[Event "Zilina Region-ch"]
[Site "Zilina"]
[Date "2013.05.17"]
[Round "1"]
[White "Simo, Marian"]
[Black "Paur, Dusan"]
[Result "0-1"]
[WhiteElo "1829"]
[BlackElo "2000"]
[PlyCount "52"]
[EventDate "2013.05.17"]
[EventType "swiss"]
[EventRounds "6"]
[EventCountry "SVK"]
[SourceTitle "CBM 154 Extra"]
[Source "ChessBase"]
[SourceDate "2013.06.25"]
[SourceVersion "2"]
[SourceVersionDate "2013.06.25"]
[SourceQuality "1"]

1. e4 c5 2. Nf3 Nc6 3. d4 cxd4 4. Nxd4 Nf6 5. Nc3 e5 6. Nb3 Bb4 7. Bd2 Bxc3 8. Bxc3 Nxe4 9. Qg4 Ng5 10. f4 d5 11. Qxg5 Qxg5 12. fxg5 d4 13. Bd2 e4 14. Bb5 e3 15. Bxc6+ bxc6 16. Bb4 Bb7 17. Bc5 0-0-0 18. Bxd4 Rhe8 19. Rd1 c5 20. Nxc5 Bxg2 21. Rg1 Bf3 22. Rd3 Bc6 23. Rg3 Bb5 24. Rd1 e2 25. Rd2 Rd5 26. a4 Rf5 0-1

[Event "SVK-ch Seniors-B"]
[Site "Tatranske Matliare"]
[Date "2011.05.??"]
[Round "9"]
[White "Paur, Dusan"]
[Black "Mrva, Vladimir"]
[Result "0-1"]
[WhiteElo "2013"]
[BlackElo "2150"]
[PlyCount "92"]
[EventDate "2011.05.27"]
[EventType "swiss"]
[EventRounds "9"]
[EventCountry "SVK"]
[SourceTitle "EXT 2023"]
[Source "ChessBase"]
[SourceDate "2022.10.05"]
[SourceVersion "1"]
[SourceVersionDate "2022.10.05"]
[SourceQuality "1"]

1. e4 e5 2. Nf3 Nc6 3. Bc4 Bc5 4. c3 Nf6 5. d4 exd4 6. 0-0 Nxe4 7. Re1 d5 8. cxd4 Bb4 9. Nc3 Bxc3 10. bxc3 0-0 11. Bd3 Bf5 12. Qc2 Bg6 13. Rb1 Rb8 14. Bf4 Nd6 15. Bxd6 Qxd6 16. Ne5 Nxe5 17. Rxe5 Bxd3 18. Qxd3 f6 19. Re3 Qd7 20. Rh3 g6 21. Re3 Rfe8 22. Rbe1 Kf7 23. h3 Rxe3 24. Rxe3 Re8 25. Rxe8 Qxe8 26. Qg3 Qe1+ 27. Kh2 Qe7 28. Qh4 Ke8 29. Qh6 Kd7 30. h4 f5 31. g3 b6 32. h5 Qf7 33. hxg6 hxg6 34. Qh8 a5 35. a4 Qe8 36. Qf6 Kc8 37. Kh3 Qxa4 38. Qxg6 Qd7 39. Qg8+ Kb7 40. Qf8 f4+ 41. Kh4 fxg3 42. fxg3 Qh7+ 43. Kg4 Qe4+ 44. Kh3 Qh1+ 45. Kg4 a4 46. Qf5 Qe4+ 0-1

[Event "Tatry op"]
[Site "Tatranske Zruby"]
[Date "2010.10.07"]
[Round "7"]
[White "Paur, Dusan"]
[Black "Polacik, Igor"]
[Result "1/2-1/2"]
[WhiteElo "1975"]
[BlackElo "2199"]
[PlyCount "77"]
[EventDate "2010.10.02"]
[EventType "swiss"]
[EventRounds "9"]
[EventCountry "SVK"]
[SourceTitle "CBM 138 Extra"]
[Source "ChessBase"]
[SourceDate "2010.10.29"]
[SourceVersion "1"]
[SourceVersionDate "2010.10.29"]
[SourceQuality "1"]

1. e4 e5 2. Nf3 Nc6 3. Bc4 Be7 4. d4 d6 5. d5 Nb8 6. Nc3 Nf6 7. Bg5 Nbd7 8. a3 0-0 9. 0-0 Nb6 10. Ba2 Nfxd5 11. Nxd5 Nxd5 12. Bxe7 Nxe7 13. Qd3 Ng6 14. g3 Kh8 15. Nd2 Bh3 16. Rfe1 Qg5 17. Kh1 Rae8 18. Nf3 Qg4 19. Rg1 f5 20. Nd2 fxe4 21. Qxe4 Rxf2 22. Qe3 Ref8 23. Rae1 Rxd2 24. Qxd2 Qf3+ 25. Rg2 Bxg2+ 26. Qxg2 Ne7 27. Kg1 Qxg2+ 28. Kxg2 g6 29. c4 Nc6 30. Bb1 Kg7 31. b4 Kf6 32. Be4 Ke7 33. Rd1 Nd8 34. h4 c6 35. a4 Ke6 36. b5 Rf7 37. Rd2 Rd7 38. Bf3 d5 39. Bg4+ 1/2-1/2

[Event "Tatry op"]
[Site "Tatranske Zruby"]
[Date "2009.10.04"]
[Round "9"]
[White "Paur, Dusan"]
[Black "Petrik, Karol"]
[Result "1/2-1/2"]
[WhiteElo "1961"]
[BlackElo "2181"]
[PlyCount "93"]
[EventDate "2009.09.27"]
[EventType "swiss"]
[EventRounds "9"]
[EventCountry "SVK"]
[SourceTitle "EXT 2011"]
[Source "ChessBase"]
[SourceDate "2010.11.26"]
[SourceVersion "1"]
[SourceVersionDate "2010.11.26"]
[SourceQuality "1"]

1. d4 Nf6 2. c4 c5 3. d5 b5 4. cxb5 a6 5. bxa6 Bxa6 6. Nc3 g6 7. Nf3 d6 8. g3 Bg7 9. e4 Bxf1 10. Kxf1 Nbd7 11. Bg5 0-0 12. Qd2 Rb8 13. Rb1 Re8 14. Kg2 Rb4 15. Rhe1 Ng4 16. a3 Rb7 17. h3 Nge5 18. Nxe5 Nxe5 19. a4 Rb4 20. b3 c4 21. bxc4 Rxc4 22. Rec1 Qa8 23. Rb3 Nd7 24. Ra3 Bf6 25. a5 Rec8 26. Bxf6 Nxf6 27. f3 Nd7 28. Ne2 Ne5 29. Ra2 f5 30. Rxc4 Nxc4 31. Qg5 fxe4 32. fxe4 Qa7 33. h4 Rf8 34. Nf4 Rf6 35. h5 Ne5 36. hxg6 Nxg6 37. Nxg6 hxg6 38. Qd2 Rf8 39. Qc3 Qa6 40. Rf2 Rxf2+ 41. Kxf2 Qb5 42. Kg2 Qe2+ 43. Kh3 Qxe4 44. Qc8+ Kg7 45. Qe6 Qh1+ 46. Kg4 Qd1+ 47. Kh3 1/2-1/2

[Event "Tatry op"]
[Site "Tatranske Zruby"]
[Date "2009.10.03"]
[Round "8"]
[White "Obona, Jan"]
[Black "Paur, Dusan"]
[Result "1-0"]
[WhiteElo "2110"]
[BlackElo "1961"]
[PlyCount "73"]
[EventDate "2009.09.27"]
[EventType "swiss"]
[EventRounds "9"]
[EventCountry "SVK"]
[SourceTitle "EXT 2011"]
[Source "ChessBase"]
[SourceDate "2010.11.26"]
[SourceVersion "1"]
[SourceVersionDate "2010.11.26"]
[SourceQuality "1"]

1. d4 Nf6 2. c4 e6 3. Nc3 d5 4. cxd5 exd5 5. Bg5 Be7 6. e3 0-0 7. Bd3 b6 8. Qc2 Nbd7 9. Nf3 Bb7 10. 0-0 c5 11. Rac1 Rc8 12. Bf5 cxd4 13. exd4 g6 14. Bh3 Ne4 15. Bh6 Re8 16. Ne5 f5 17. Qb3 Nxc3 18. Rxc3 Rxc3 19. Qxc3 Nxe5 20. dxe5 Bg5 21. Bxg5 Qxg5 22. g3 Qe7 23. Re1 Rc8 24. Qb3 Rc4 25. Bg2 Qc5 26. h4 f4 27. gxf4 Rxf4 28. Qg3 Qb4 29. Rd1 Rxh4 30. e6 Qe7 31. Bxd5 Bxd5 32. Rxd5 Qb4 33. Qb8+ Kg7 34. Qe5+ Kh6 35. Qg5+ Kg7 36. Rd7+ Kg8 37. Qd8+ 1-0

[Event "Tatry op"]
[Site "Tatranske Zruby"]
[Date "2008.09.27"]
[Round "1"]
[White "Paur, Dusan"]
[Black "Klima, Lukas"]
[Result "0-1"]
[WhiteElo "1998"]
[BlackElo "2439"]
[PlyCount "44"]
[EventDate "2008.09.27"]
[EventType "swiss"]
[EventRounds "9"]
[EventCountry "SVK"]
[SourceTitle "CBM 126 Extra"]
[Source "ChessBase"]
[SourceDate "2008.11.05"]
[SourceVersion "1"]
[SourceVersionDate "2008.11.05"]
[SourceQuality "1"]

1. e4 c5 2. Nf3 Nc6 3. d4 cxd4 4. Nxd4 Nf6 5. Nc3 e5 6. Nb3 Bb4 7. Bd3 d5 8. exd5 Qxd5 9. 0-0 Bxc3 10. bxc3 0-0 11. Qe2 e4 12. Bc4 Qe5 13. Bb2 Ng4 14. g3 Qh5 15. f4 exf3 16. Rxf3 Nce5 17. Rf4 Nxc4 18. Rxc4 Bd7 19. Nd4 Rfe8 20. Qd2 Qd5 21. Rc7 Bc6 22. Rxc6 bxc6 0-1

[Event "SVK-chT2C 0506"]
[Site "Slovakia"]
[Date "2005.12.17"]
[Round "5.8"]
[White "Paur, Dusan"]
[Black "Koren, Jaroslav"]
[Result "0-1"]
[WhiteElo "1958"]
[BlackElo "2069"]
[PlyCount "96"]
[EventDate "2005.10.22"]
[EventType "team-tourn"]
[EventRounds "11"]
[EventCountry "SVK"]
[SourceTitle "EXT 2009"]
[Source "ChessBase"]
[SourceDate "2008.11.26"]
[SourceVersion "1"]
[SourceVersionDate "2008.11.26"]
[SourceQuality "1"]

1. e4 c5 2. Nf3 Nc6 3. d4 cxd4 4. Nxd4 e6 5. Nc3 Bc5 6. Nb3 Be7 7. f4 d6 8. Qg4 Nf6 9. Qxg7 Rg8 10. Qh6 Nb4 11. Bb5+ Bd7 12. Bxd7+ Qxd7 13. 0-0 Nxc2 14. Rb1 Qc6 15. Rf2 Nb4 16. Be3 Nxe4 17. Qxh7 Nf6 18. Qh3 Nd3 19. Nd5 Nxd5 20. Rc2 Rh8 21. Qf3 Ne1 22. Qe2 Nxc2 23. Qxc2 Nxe3 24. Na5 Rb8 25. Qxc6+ Kd8 26. Nxb7+ Rxb7 27. Qxb7 Bf6 28. Qb8+ Kd7 29. Qxa7+ Ke8 30. Qb8+ Ke7 31. Qc7+ Ke8 32. Qxd6 Bd4 33. Qc6+ Ke7 34. h3 Rg8 35. g4 Nxg4+ 36. Kf1 Ne3+ 37. Ke1 Kf6 38. a4 Rg1+ 39. Ke2 Rg2+ 40. Kf3 Rxb2 41. Qc7 Rf2+ 42. Kg3 Nf5+ 43. Kg4 Rg2+ 44. Kf3 Nh4+ 45. Ke4 Rg3 46. Qd8+ Kg7 47. f5 Nxf5 48. Kf4 Bf6 0-1